Charles de Gaulle de 1958 à sa mort - Statistiques

Statistiques générales
  • Ce quiz a été pris 42 fois
  • Le résultat moyen est 8 sur 15
Statistiques - réponses
Hint Réponse % Correct
Quelle célèbre phrase prononce-t-il à Alger peu après Je vous ai compris
83%
Charles de Gaulle démissionne au mois d'avril 1969
80%
En mai 1968, son premier ministre est Georges Pompidou
80%
Il meurt en novembre 1970 le... 9
74%
Lors d'une visite au Canada, il provoque un incident en criant Vive le Québec libre
74%
Il a refusé deux fois l'entrée de l'Angleterre dans l'Union européenne en 1961 et en... 1967
69%
Le 22 août 1962, il est la cible d'un attentat au lieu dit Petit Clamart
69%
Qui est le premier, premier ministre de Charles de Gaulle Michel Debré
57%
Le 29 mai 1968, il disparait, il se trouve à Baden-Baden
49%
En décembre 1958, il est élu président de la République par ... % des votants 78
43%
Le 8 juillet 1962, il rencontre le chancelier allemand nommé Konrad Adenauer
43%
La constitution de 1958 qu'il fait rédiger est adopté par ... % des votants 79
40%
Le 8 février 1962, une manifestation dégénère près d'une station de métro parisienne. Laquelle? Charonne
40%
Il surnommait l'onu le machin
31%
La rencontre a lieu à Reims
6%
Aucun quiz correspondant
Distribution des résultats
% des personnes avec chaque résultat
Percentile par nombre de réponses
Votre historique - résultats
Vous n’avez pas pris ce quiz